| 000 | 00736nam a2200265Ia 4500 | ||
|---|---|---|---|
| 003 | OSt | ||
| 005 | 20220927105823.0 | ||
| 006 | a|||||r|||| 00| 0 | ||
| 007 | ta | ||
| 008 | 220926b |||||||| |||| 00| 0 eng d | ||
| 020 | _a9788126908141 | ||
| 024 | _a209918 | ||
| 037 | _cReference Collections | ||
| 040 |
_aRTL _cRTL _beng |
||
| 041 |
_2eng _aeng |
||
| 082 | _a"U:(D89):8, P7" | ||
| 100 |
_aBHATIA S C _9375241 |
||
| 245 | 0 | _aSolid and hazardous waste management | |
| 260 |
_aNew _b"Delhi, Atlantic, " _c2007 |
||
| 300 |
_a"xv,535p." _ccm. |
||
| 490 | _aOxford India Paperbacks | ||
| 500 | _aBibliography: P 237-51 | ||
| 942 |
_h"U:(D89):8, P7" _cCC |
||
| 999 |
_c694824 _d694824 |
||